Verejné obstarávanie, hospodárnosť a efektívnosť počas koronakrízy

Verejné obstarávanie zahŕňa celý rad činností, ktoré sa dejú pred súťažou, ako aj po nej. Hlavne v súčasnej situácii epidémie korony, odporúčam podporiť riadenie týchto činností využitím komplexného softvérového riešenia, ktoré ich značne sprehľadní, zrýchli a zefektívni, poznamenal technologický ri...

Full description

Saved in:
Bibliographic Details
Main Author: Marcin, Matej
Format: Book Chapter
Language:Slovak
Subjects:
Tags: Add Tag
No Tags, Be the first to tag this record!

MARC

LEADER 00000naa a2200000 4500
001 0269472
005 20201023144212.7
041 0 |a slo 
044 |a SK 
245 1 0 |a Verejné obstarávanie, hospodárnosť a efektívnosť počas koronakrízy  |c Matej Marcin 
520 |a Verejné obstarávanie zahŕňa celý rad činností, ktoré sa dejú pred súťažou, ako aj po nej. Hlavne v súčasnej situácii epidémie korony, odporúčam podporiť riadenie týchto činností využitím komplexného softvérového riešenia, ktoré ich značne sprehľadní, zrýchli a zefektívni, poznamenal technologický riaditeľ CTO spoločnosti eBIZ a.s. Matej Marcin. Spoločnosť sa zaoberá vývojom informačných systémov pre podporu procesov verejného obstarávania. 
610 2 0 |a obstarávanie verejné 
610 2 0 |a systémy informačné 
610 2 0 |a softvér 
610 2 0 |a využitie počítačov 
100 1 |a Marcin, Matej